1914 1564 1029 1046 1891 1514 1245 1709 1590 1600 1115 1754 1316 1546 1883 1653 1031 1528 2000 1994 1120 1860 1404 1266 1964 1661 1797 1058 1788 1348 1388 1466 1218 1480 1569 1108 1981 1055 1536 1379 1189 1578 1455 1098 1241 1913 1449 1049 1373 1885 1001 1633 1961 1366 1010 1997 1786 1185 1210 1483 1732 1080 1775 1848 1659 1091 1726 1643 1412 1183 1755 1621 1753 1781 1090 1414 1661 1002 1625 1584 1583 1944 1398 1995 1596 1231 1358 1891 1660 1074 1936 1572 1984 1031 1424 1891 1289 1314 1421 BCNSPRNW ULIB Ver.6.0+V

เปลี่ยนเป็นภาษาไทย

Change to English
 แสดงรายละเอียดบรรณานุกรม
  กลับหน้าหลัก

Brief Record : Get Marc (ISO 2709) : E-mail record : QR code < ปิดหน้าต่าง
LEADER : 00000nam 2200000uu 4500
001    13399110672
003     ULIB
008    110607s2551||||th 000 0 tha d
020    9789741109265
060 04 WS100^bจ332ก 2551
245 00 กุมารเวชศาสตร์ทันยุค =^bNew frontier in pediatrics /^cบรรณาธิการ, จารุพิมพ์ สูงสว่าง ... [และคนอื่นๆ]
246 31 New frontier in pediatrics
250    พิมพ์ครั้งที่ 1
260    กรุงเทพฯ :^bเฮาแคนดู,^c2551
300    320 หน้า :^bภาพประกอบ ;^c27 ซม.
650  7 กุมารเวชศาสตร์
653    ผลงานอาจารย์คณะแพทยศาสตร์ศิริราชพยาบาล
700 0  จารุพิมพ์ สูงสว่าง,^eบรรณาธิการ
945    ^p350^l0^i026128
945    ^p350^l0^i024093
945    ^p350^l0^i026129
945    ^p350^l0^i026127
995    ทศพร
999 ^a ใช้งานได้ทุกระบบ
รายการนี้ยังไม่มีแท็ก
คุณยังไม่ได้ล็อกอิน คุณสามารถมีกิจกรรมร่วมกับเว็บไซต์ได้ แต่ต้องล็อกอินก่อน ::
  ล็อกอิน

รายการสื่อสารสนเทศ

ลำดับที่ ประเภท เลขเรียก/บาร์โค้ด สถานที่ สถานะ
- ไม่พบข้อมูล -

รายการใกล้เคียง
    หัวเรื่อง [กุมารเวชศาสตร์]

BibComment


ยังไม่เคยถูกคอมเมนท์

คอมเมนท์ทรัพยากรรายการนี้
  คอมเมนท์: กุมารเวชศาสตร์ทัน..


 Copyright 2026. Bcnsprnw @Library